000 00677nam a2200217Ii 4500
003 JO-AjNU
008 230605s9999||||xx |||||||||||||| ||und||
017 _a1979/4354
020 _a977-7322-10-0
040 _aJO-AjNU
_bara
_erda
_cJO-AjNU
041 _aara
050 1 4 _aLB1607.53 1979
100 3 _aعلي،سعيد إسماعيل,
_eauthor
_920691
245 0 0 _aالتعليم الثانوي الواقع-المستقبل
264 3 1 _aالقاهرة:دار الثقافة،1979
300 _a165ص
336 _atext
_btxt
_2rdacontent
337 _aunmediated
_bn
_2rdamedia
338 _avolume
_bnc
_2rdacarrier
650 4 _aالتعليم الثانوي
_920692
999 _aA7061
_c10629
_d10629